Wszyscy zwycięzcy Royal rumble w WWE - Statystyki

Ogólne statystyki
  • Ten quiz został rozwiązany 1 431 razy
    1 290 od ostatniego zresetowania
  • Średni wynik to 23 z 34
Statystyki odpowiedzi
Rok Zwycięzca % Poprawnych
2008 John Cena
93%
2013 John Cena
93%
2009 Randy Orton
87%
2017 Randy Orton
87%
2002 Triple H
86%
2016 Triple H
86%
2015 Roman Reigns
85%
2019 Seth Rollins
83%
2010 Edge
79%
2021 Edge
79%
2003 Brock Lesnar
77%
2007 Undertaker
77%
1990 Hulk Hogan
76%
1991 Hulk Hogan
76%
2005 Batista
73%
2014 Batista
73%
2006 Rey Mysterio
71%
2000 The Rock
71%
1997 Stone Cold
70%
1998 Stone Cold
70%
2001 Stone Cold
70%
1995 Shawn Michaels
67%
1996 Shawn Michaels
67%
2020 Drew McIntyre
66%
2018 Shinsuke Nakamura
63%
2012 Sheamus
58%
2011 Alberto Del Rio
56%
1994 Bret Hart i Lex Luger
47%
1992 Ric Flair
45%
1999 Vince McMahon
42%
2004 Chris Benoit
41%
1993 Yokozuna
39%
1988 Jim Duggan
28%
1989 Big John Studd
20%
Nie znaleziono quizów pasujących do podanych kryteriów
Rozkład punktacji
Procent ludzi z każdym wynikiem
Percentyl według liczby udzielonych odpowiedzi
Twoja historia wyników
Nie rozwiązałeś tego quizu od ostatniego zresetowania